000 00684nam a2200217 4500
003 OSt
005 20240610070638.0
006 a
008 240610b |||||||| |||| 00| 0 eng d
020 _a9789718974018
040 _aDWCL-Main lib.
_cOC
082 _2updated edition
_aFil. 370 S196L 2013
100 _aSan Jose-Pañgan, Maria T
245 _aLicensure Examination for Teachers (LET) reviewer /
250 _aupdated edition
260 _aQuezon City :
_bMegaminds Systems,
_cc2013.
300 _aviii,
_b142 p. ;
_c28 cm.
650 _a1. Education–Examinations, questions, etc.
700 _a Maria T. San Jose-Pañgan
942 _2ddc
_n0
_cBK - FIL
_eupdated edition
_kFil.
999 _c473
_d473